Song Lyrics: Rammstein - Zwitter - Statistics

General Stats
  • This quiz has been taken 99 times
    98 since last reset
  • The average score is 166 of 236
Answer Stats
Text % Correct
ein
97%
ein.
97%
Zwitter,
97%
Zwitter.
97%
Zwitter,.
97%
Ich
95%
ich
95%
ich.
95%
mich
89%
mich,
89%
mich.
89%
bin
88%
eine
83%
nicht
83%
nicht,
83%
Eins
82%
eins
82%
eins,
82%
für
82%
mir
82%
zu
82%
dich,
80%
dich"
80%
so
78%
So
78%
Da
77%
es
75%
Zwei
75%
zwei
75%
einer
72%
und
72%
sie
71%
das
69%
die
68%
den
66%
hab'
66%
schon
66%
einen
65%
ist
65%
kann
65%
verliebt.
65%
Kuss
63%
der
62%
mein
62%
Masse.
60%
sich
58%
wieder
58%
holen.
57%
in
57%
Lust.
57%
"Fick
55%
gibt
54%
kein
54%
gestohlen,
52%
recht,
52%
schönes
52%
mehr
51%
sagt.
51%
von
51%
Wenn
51%
wenn
51%
Brust,
49%
ihr
49%
Seelen
49%
sehe
49%
wollte
49%
Zweigeschlecht.
49%
Mensch
48%
allen.
46%
Geschlechter,
46%
mit
46%
unter
46%
ihn
45%
losgelassen,
45%
meiner
45%
nur
45%
schönste
45%
verschmolzen
45%
auch
43%
selber
43%
allein,
42%
allzu
42%
beglücken.
42%
sind
42%
Tag.
42%
Tag
42%
verzagt,
42%
wunderbare
42%
doch
40%
durch
40%
gehe
40%
Dinge,
38%
Rosen
38%
schicken.
38%
sein.
38%
selbst
38%
dann
37%
gleich:
37%
suchten,
37%
anders
35%
anderen
34%
aufgefallen.
34%
Mädchen
34%
vorher
34%
Zweiter
34%
Dritter.
32%
zusammen
32%
abends
31%
garnicht
31%
jeden
31%
Spiegelbild
31%
früh
29%
konnte
29%
schlafe
29%
befruchten,
28%
alleine,
25%
küsse
25%
uns
8%
No matching quizzes found
Score Distribution
Percent of People with Each Score
Percentile by Number Answered
Your Score History
You have not taken this quiz since the last reset